| 000 | 01136cam a22002531i 4500 | ||
|---|---|---|---|
| 003 | SA-RiAUC | ||
| 005 | 20250326141255.0 | ||
| 008 | 250326s1999 su g 000 0 ara c | ||
| 040 |
_aEG-CaDAJ _bara _cSA-RiAUC _erda |
||
| 082 | 0 | 4 | _a216 |
| 090 |
_a216 _b ص ر ص |
||
| 100 | 1 |
_aالصرصري، سليمان بن عبد القوي بن عبد الكريم، _d657-716 هجري _eمؤلف. |
|
| 245 | 1 | 2 |
_aالانتصارات الإسلامية في كشف شبه النصرانية / _cسليمان بن عبد القوي الطوفي الصرصري الحنبلي ؛ دراسة وتحقيق سالم بن محمد القرني. |
| 264 | 1 |
_aالرياض : _bمكتبة العبيكان، _c1999 |
|
| 300 |
_a2 مجلد؛ _c24 سم |
||
| 336 |
_aنص _btxt _2rdacontent _3كتاب |
||
| 337 |
_aبدون وسيط _bn _2rdamedia |
||
| 338 |
_aمجلد _bnc _2rdacarrier |
||
| 650 | 7 |
_aالإسلام _xدفع مطاعن _2aucsh |
|
| 650 | 7 |
_aالإسلام والمسيحية _2aucsh |
|
| 700 | 1 |
_aالقرني، سالم بن محمد، _d1370 هجري- _eمحقق. |
|
| 942 |
_2ddc _cBOOK _n0 |
||
| 949 |
_aSA-JeALM _d250326 _ueid123 _n1 |
||
| 999 |
_c6666 _d6666 |
||